00915nam a2200205 i 4500003000500000005001700005007000300022008004100025100003300066245019700099264007100296300001600367502009000383700003500473700004600508720003300554720004700587720003800634720003700672CSPC20231122143415.0ta231122s2021 ph a m 000 0beng  aEdaugal, Geffrey N.dauthor. aFactors affecting the online learning capacity of second year Bachelor of Science in Office Administration students in Camarines Sur Polytechnic Colleges - Buhi Campus /cDonna Grace Oliveros. aBuhi, Camarines Sur :b Camarines Sur Polytechnic Colleges,c2021. a84 leaves : aUndergraduate Theses (BSOA) Office AdministrationcCamarines Sur Polytechnic Colleges aOliveros, Donna Graceeauthor. a Arcilla, Krisse Anguia Marie A.eauthor. aInfnate, Leonisa D.eadviser aOliveros, Josefin N.epanelist chairperson aRosal, Jhomer I.epanelist member aSecundo, Rey O.epanelist member